Normal view
MARC view
- INTERAVIA, S. A
Entry Personal Name
001 - CONTROL NUMBER
- control field: 74440
003 - CONTROL NUMBER IDENTIFIER
- control field: NUST
005 - DATE AND TIME OF LATEST TRANSACTION
- control field: 20210628205219.0
008 - FIXED-LENGTH DATA ELEMENTS
- fixed length control field: 210628|| aca||aabn | a|a d
040 ## - CATALOGING SOURCE
- Original cataloging agency: NUST
- Transcribing agency: NUST
100 ## - HEADING--PERSONAL NAME
- Personal name: INTERAVIA, S. A
670 ## - SOURCE DATA FOUND
- Source citation: Work cat.: (NUST): INTERAVIA, S. A, MILITARY ELECTRONICS DEFENE EXPO 80 CONFERENCE PROCEEDINGS OCTOBER 7-9 1980, 1980
